| 000 | 00689nam a2200193Ia 4500 | ||
|---|---|---|---|
| 003 | GCL | ||
| 008 | 140319s9999 xx 000 0 ara d | ||
| 040 |
_aGCL / _cGCL |
||
| 082 | 0 | 4 |
_a791.43 _bس س |
| 100 | 1 | _aسمير فريد | |
| 245 | 1 | 0 |
_aالسينما والتاريخ: كتاب متخصص غير دورى يبحث فى السينما والتاريخ - تاريخ السينما / _cسمير فريد |
| 300 | _a151 ص | ||
| 490 |
_aالهيئة العامة للاستعلامات _v0 |
||
| 650 | 0 | 4 | _aالافلام السينمائية |
| 650 | 0 | 4 | _aالسينما |
| 650 | 0 | 4 | _aالافلام التسجيلية |
| 650 | 0 | 4 | _aالسينما - تاريخ |
| 942 |
_2ddc _cBK |
||
| 999 |
_c50488 _d50488 |
||